[Event "JUG-Cup final"]
[Site "Pula"]
[Date "1991.??.??"]
[Round "1"]
[White "Vukovic, Zdravko"]
[Black "Cebalo, Miso"]
[Result "0-1"]
[WhiteElo "2395"]
[BlackElo "2540"]

1.e4 e6 2.d4 c5 3.Nf3 cxd4 4.Nxd4 Nc6 5.Nc3 d6 6.Be2 Nf6 7.Bg5 a6 8.Qd3 h6
9.Bh4 Ne5 10.Qe3 g5 11.Bg3 Bd7 12.h4 Rg8 13.hxg5 hxg5 14.Nf3 Qa5 15.Bxe5 dxe5
16.Nxg5 Rc8 17.Nh7 Be7 18.Nxf6+ Bxf6 19.Qf3 Rg6 20.a3 b5 21.Rd1 Rc7 22.Rd6 Rc6
23.Rxc6 Bxc6 24.O-O Qb6 25.Bd3 Bg5 26.Nd1 Bf4 27.Re1 Qd4 28.Kf1 Qd8 29.Ke2 Qg5
30.g3 Bc1 31.Rh1 Rf6 32.Qh5 Qd2+ 33.Kf1 Bxb2 34.Qh8+ Ke7 35.Kg2 Bd4 36.Qb8 Bxf2
37.Kh3 Rh6+  0-1

[Event "Recife"]
[Site "Recife"]
[Date "1991.??.??"]
[Round "?"]
[White "Campora, Daniel H"]
[Black "Zapata, Alonso"]
[Result "1/2-1/2"]
[WhiteElo "2515"]
[BlackElo "2530"]

1.e4 c5 2.Nf3 e6 3.d4 cxd4 4.Nxd4 Nc6 5.Nc3 Qc7 6.g3 d6 7.Bg2 Nxd4 8.Qxd4 Bd7
9.O-O Nf6 10.Re1 Be7 11.a4 a6 12.Be3 O-O 13.Qb4 Rfe8 14.Bb6 Qb8 15.a5  1/2-1/2

[Event "Reggio mem Chicco"]
[Site "Reggio Emilia"]
[Date "1991.??.??"]
[Round "?"]
[White "Mokry, Karel"]
[Black "Cebalo, Miso"]
[Result "1-0"]
[WhiteElo "2510"]
[BlackElo "2540"]

1.e4 c5 2.Nf3 e6 3.d4 cxd4 4.Nxd4 Nc6 5.Nc3 d6 6.Be2 Nf6 7.O-O Be7 8.Be3 O-O
9.f4 Bd7 10.Nb3 a6 11.a4 Qc7 12.a5 Rac8 13.Bf3 Nb4 14.Rf2 e5 15.Rd2 Be6 16.Ra4 Bxb3
17.cxb3 d5 18.exd5 Bc5 19.Bxc5 Qxc5+ 20.Kh1 Rfe8 21.d6 Rcd8 22.Qg1 Qxg1+
23.Kxg1 Nc6 24.Bxc6 bxc6 25.Rc4 exf4 26.Rxc6 Ng4 27.Re2 Ne3 28.Nd5 Kf8 29.Nxf4 g5
30.Nh5 Re6 31.Ng3 Ke8 32.d7+  1-0

[Event "Rimavska Sobota"]
[Site "Rimavska Sobota"]
[Date "1991.??.??"]
[Round "11"]
[White "Jansa, Vlastimil"]
[Black "Fominyh, Alexander"]
[Result "1-0"]
[WhiteElo "2495"]
[BlackElo "2535"]

1.e4 c5 2.Nf3 e6 3.d4 cxd4 4.Nxd4 Nc6 5.Nc3 Qc7 6.g3 a6 7.Bg2 Nf6 8.O-O Nxd4
9.Qxd4 Bc5 10.Bf4 d6 11.Qd3 Nd7 12.Na4 e5 13.Bd2 b5 14.Nxc5 Nxc5 15.Qc3 a5
16.a3 Qb8 17.Qe3 O-O 18.Bxa5 Rxa5 19.b4 Ra4 20.bxc5 dxc5 21.Qxc5 Rc4 22.Qe3 Bd7
23.Rfd1 Bc6 24.c3 h6 25.f3 f5 26.exf5 Rxf5 27.Rd3 Qf8 28.Rad1 Qxa3 29.g4 Rf8
30.Qxe5 Qc5+ 31.Qxc5 Rxc5 32.Re1 Ra8 33.Kf2 Kf7 34.Kg3 Ra3 35.Ree3 h5 36.Bh3 Rd5
37.Rxd5 Bxd5 38.gxh5 b4 39.Re5 Bc6 40.Rf5+ Kg8 41.cxb4 Rb3 42.Rf4 Kh7 43.Bg4  1-0

[Event "Rimavska Sobota"]
[Site "Rimavska Sobota"]
[Date "1991.??.??"]
[Round "13"]
[White "Polgar, Sofia"]
[Black "Fominyh, Alexander"]
[Result "1-0"]
[WhiteElo "2425"]
[BlackElo "2535"]

1.e4 c5 2.Nf3 e6 3.d4 cxd4 4.Nxd4 Nc6 5.Nc3 Qc7 6.Be2 a6 7.O-O Bc5 8.Nb3 Be7
9.a4 Nf6 10.f4 d6 11.Bf3 Nd7 12.Qe2 Nc5 13.Be3 Nxb3 14.cxb3 O-O 15.Qf2 Bd7
16.Bb6 Qb8 17.Rad1 Kh8 18.Bg4 Na7 19.Qg3 Rg8 20.Qh3 Bd8 21.Bxd8 Rxd8 22.f5 exf5
23.Bxf5 Bxf5 24.Rxf5 Kg8 25.Nd5 Nc6 26.Rh5 Qa7+ 27.Kf1 h6  1-0

[Event "Salamanca"]
[Site "Salamanca"]
[Date "1991.??.??"]
[Round "1"]
[White "Martin Gonzalez, Angel"]
[Black "San Segundo, Pablo"]
[Result "1/2-1/2"]
[WhiteElo "2445"]
[BlackElo "2430"]

1.e4 c5 2.Nf3 e6 3.Nc3 Nc6 4.d4 cxd4 5.Nxd4 Nf6 6.Ndb5 d6 7.Bf4 e5 8.Bg5 a6
9.Na3 b5 10.Bxf6 gxf6 11.Nd5 Bg7 12.c3 f5 13.exf5 Bxf5 14.Nc2 O-O 15.Nce3 Be6
16.Bd3 f5 17.Qh5 Qd7 18.g4 e4 19.Bc2 Bf7 20.Qh3 Bxd5 21.Nxd5 fxg4 22.Qh4 Qf5
23.O-O-O Kh8 24.h3 Qxf2 25.hxg4 Qxh4 26.Rxh4 Rae8 27.g5 Re5 28.Nf4 Ne7 29.Rxd6 Rxg5
30.Bxe4 Be5 31.Ng6+ Nxg6 32.Rxg6 Rxg6 33.Bxg6 Bf4+ 34.Kc2 h6  1/2-1/2

[Event "San Sebastian op"]
[Site "San Sebastian"]
[Date "1991.??.??"]
[Round "1"]
[White "Munoz, M."]
[Black "Paunovic, Dragan"]
[Result "0-1"]
[WhiteElo "2205"]
[BlackElo "2455"]

1.e4 c5 2.Nf3 Nc6 3.d4 cxd4 4.Nxd4 e6 5.Nc3 Qc7 6.Be2 a6 7.a4 Nf6 8.O-O Be7
9.Kh1 O-O 10.f4 d6 11.Nb3 b6 12.Bf3 Rb8 13.Qe1 Nd7 14.Qg3 Nc5 15.Nxc5 bxc5
16.Rb1 Bb7 17.f5 Bf6 18.Bd2 Nd4 19.Bd1 exf5 20.exf5 Rfe8 21.Qg4 Bc6 22.b3 Qb7
23.Na2 Re4 24.Qg3 Rbe8 25.Nc3 R4e5 26.Rc1 Nxf5 27.Qh3 Ne3 28.Bf3 Nxf1 29.Rxf1 Bxf3
30.gxf3 d5 31.Bf4 Re1 32.Bd2 Rxf1+ 33.Qxf1 Bxc3 34.Bxc3 d4 35.Bd2 Qc6 36.a5 Qb5
37.Qg1 Qe2  0-1

[Event "Santa Clara"]
[Site "Santa Clara"]
[Date "1991.??.??"]
[Round "6"]
[White "Arencibia, Walter"]
[Black "Garcia Martinez, Silvino"]
[Result "1/2-1/2"]
[WhiteElo "2560"]
[BlackElo "2425"]

1.e4 c5 2.Nf3 Nc6 3.d4 cxd4 4.Nxd4 e6 5.Nc3 Qc7 6.f4 a6 7.Be3 b5 8.Nxc6 Qxc6
9.Bd3 Bb7 10.Qe2 Ba3 11.Nd1 Bc5 12.Nf2 Ne7 13.O-O-O Rc8 14.Rhe1 Bxe3+ 15.Qxe3 f6
16.h4 Qc5 17.Kb1 Qxe3 18.Rxe3 O-O 19.g3 Rc7 20.Be2 Rfc8 21.c3 f5 22.Bd3 fxe4
23.Bxe4 Nd5 24.Ree1 Nf6 25.Bxb7 Rxb7 26.Rd6 a5 27.Ne4 Nxe4 28.Rxe4 Kf7 29.Ra6 b4
30.Rxa5 bxc3 31.b3 d5 32.Rd4 c2+ 33.Kc1 Rbc7 34.f5 Rc3 35.fxe6+ Kxe6 36.Rdxd5 Rxg3
37.Rdc5 Rc3 38.Rxc8 Rxc8 39.Ra7 Kf6 40.a4 h5 41.b4 Rc4 42.b5 Rxh4 43.Kxc2 Rb4
44.Kc3 Rb1 45.Rd7 h4 46.Rd4 g5 47.Kc2 Ke5 48.Rg4 Kf5 49.Rc4 Re1 50.b6 h3
51.b7 h2 52.b8=Q h1=Q 53.Rc5+ Kg4 54.Qc8+ Kh5 55.Qh8+ Kg4 56.Rc4+ Kf5 57.Qf8+ Kg6
58.Qd6+ Kh5 59.Qd2 Re5 60.a5 Qd5 61.Qxd5 Rxd5  1/2-1/2

[Event "Schoeneck"]
[Site "Schoeneck"]
[Date "1991.??.??"]
[Round "7"]
[White "Del Rio, Roland"]
[Black "Zahn, Nicol"]
[Result "1-0"]
[WhiteElo "2245"]
[BlackElo "2010"]

1.e4 c5 2.Nf3 e6 3.Nc3 Nc6 4.d4 cxd4 5.Nxd4 a6 6.Be3 Qc7 7.Be2 Nge7 8.Ndb5 axb5
9.Nxb5 Qa5+ 10.Bd2 Qb6 11.Be3 Qa5+ 12.b4 Nxb4 13.Nd6+ Kd8 14.Nxf7+ Ke8 15.Nd6+ Kd8
16.Nf7+ Ke8 17.Nd6+ Kd8 18.c3 Na6 19.Nf7+ Ke8 20.Nd6+ Kd8 21.Nc4 Qb5 22.Nb6 Qa5
23.Nc4 Qb5 24.Nb6 Qa5 25.Nxa8 Nc5 26.Rb1 Qxc3+ 27.Kf1 Nxe4 28.Bb6+ Ke8 29.Rc1 Qf6
30.Bd4 e5 31.Nc7+ Kf7 32.Bc4+ d5 33.Nxd5 Nxd5 34.Bxd5+ Be6 35.Bxe6+ Qxe6
36.Qh5+ Kf6 37.Qf3+ Ke7 38.Qxe4 exd4 39.Rc7+ Kf6 40.Qxd4+ Kg6 41.Qd3+ Kh6
42.Qe3+ Qxe3 43.fxe3 b5 44.Rc8 g6 45.Ke2 b4 46.Rf1 Bg7 47.Rxh8 Bxh8 48.Rb1 Bc3
49.Rb3  1-0

[Event "SLO-ch"]
[Site "SLO"]
[Date "1991.??.??"]
[Round "?"]
[White "Podlesnik, Bogdan"]
[Black "Simic, Dragan"]
[Result "1-0"]
[WhiteElo "2375"]
[BlackElo "2255"]

1.e4 c5 2.Nf3 e6 3.d4 cxd4 4.Nxd4 Nc6 5.Nc3 d6 6.Be3 Nf6 7.f4 Be7 8.Qf3 O-O
9.O-O-O Qc7 10.Rg1 e5 11.Ndb5 Qa5 12.g4 Ne8 13.f5 a6 14.Na3 b5 15.Nd5 Bd8
16.Kb1 Nf6 17.Nxf6+ Bxf6 18.g5 Bd8 19.Qh5 g6 20.Qh6 gxf5 21.g6 fxg6 22.Rxg6+ hxg6
23.Qxg6+ Kh8  1-0

[Event "Belavenets mem op"]
[Site "Smolensk"]
[Date "1991.??.??"]
[Round "?"]
[White "Nikolenko, Oleg"]
[Black "Gagarin, Vasilij"]
[Result "1/2-1/2"]
[WhiteElo "2450"]
[BlackElo "2410"]

1.Nf3 c5 2.e4 e6 3.Nc3 Nc6 4.d4 cxd4 5.Nxd4 Nf6 6.Ndb5 d6 7.Bf4 e5 8.Bg5 a6
9.Na3 b5 10.Nd5 Qa5+ 11.Bd2 Qd8 12.Bg5 Qa5+  1/2-1/2

[Event "Smolensk"]
[Site "Smolensk"]
[Date "1991.??.??"]
[Round "?"]
[White "Varavin, Viktor"]
[Black "Shestoperov, Aleksej"]
[Result "1-0"]
[WhiteElo "2440"]
[BlackElo "2450"]

1.e4 c5 2.Nf3 e6 3.d4 cxd4 4.Nxd4 Nc6 5.Nc3 Qc7 6.Be2 a6 7.O-O Nf6 8.Be3 Be7
9.f4 d6 10.Kh1 O-O 11.Qe1 Bd7 12.Qg3 Kh8 13.Nf3 Nb4 14.e5 dxe5 15.fxe5 Nfd5
16.Bg5 f6 17.Nxd5 Nxd5 18.c4 fxg5 19.cxd5 exd5 20.Nxg5 Bf5 21.Bd3 Bxg5 22.Rxf5 Rxf5
23.Bxf5 Qe7 24.Qh3 Bh6 25.Re1 Qb4 26.Rf1 Rf8 27.g4 g6 28.Qxh6 gxf5 29.Qf4 Qxb2
30.e6 Rg8 31.Qxf5 Qg7 32.Qxd5 Qxg4 33.e7 Qg7 34.Qxg8+  1-0

[Event "Belavenets mem op"]
[Site "Smolensk"]
[Date "1991.??.??"]
[Round "?"]
[White "Zhelnin, Vladimir V"]
[Black "Frolov, Artur"]
[Result "0-1"]
[WhiteElo "2430"]
[BlackElo "2470"]

1.e4 c5 2.Nc3 Nc6 3.Nge2 e6 4.d4 cxd4 5.Nxd4 d6 6.Be2 a6 7.O-O Nge7 8.Bg5 h6
9.Be3 Nxd4 10.Qxd4 Nc6 11.Qd2 Be7 12.f4 O-O 13.Rad1 b5 14.Bf3 Bb7 15.Qf2 Qb8
16.Qg3 Kh7 17.Qh3 Qc8 18.Kh1 Na5 19.f5 Nc4 20.Bc1 Ne5 21.a3 exf5 22.exf5 Nxf3
23.gxf3 Qc5 24.Rfe1 Bf6 25.Be3 Qc4 26.Rxd6 Qh4 27.Qxh4 Bxf3+ 28.Kg1 Bxh4
29.Rf1 Bb7 30.Bf2 Bg5 31.Re1 Rad8 32.Rb6 Rb8 33.Bg3 Bd8 34.Rd6 Rc8 35.Re2 Bg5
36.a4 bxa4 37.h4 Bf6 38.Nxa4 Rfe8 39.Rxe8 Rxe8 40.Kf2 Bc8 41.c3 Bxf5 42.Rxa6 Bg4
43.Rb6 Re2+ 44.Kf1 Rc2 45.Nc5 Bf5 46.Nb7 Bd3+ 47.Kg1 Be7 48.Nd6 f5 49.Rb7 Re2
50.Rd7 Kg6 51.Bf2 Bf6 52.Ne8 Rxe8 53.Rxd3 Re2 54.b4 Rb2 55.Kf1 f4 56.Be1 Kf5
57.c4 Ke4 58.Rd2 Rb1 59.Re2+ Kd3 60.c5 Bxh4 61.Rd2+ Ke4 62.Re2+ Kd5  0-1

[Event "Star Dojran"]
[Site "Star Dojran"]
[Date "1991.??.??"]
[Round "5"]
[White "Bielczyk, Jacek"]
[Black "Kocovski, Ivan"]
[Result "1-0"]
[WhiteElo "2405"]
[BlackElo "2325"]

1.e4 c5 2.Nf3 Nc6 3.d4 cxd4 4.Nxd4 e6 5.Nc3 a6 6.Be2 Qc7 7.O-O Nf6 8.Kh1 Be7
9.f4 d6 10.Be3 O-O 11.Qe1 Bd7 12.Qg3 b5 13.a3 Rac8 14.Rae1 Nxd4 15.Bxd4 Bc6
16.Bd3 g6 17.f5 e5 18.Be3 Nh5 19.Qh3 Qd8 20.Bh6 Nf4 21.Bxf4 exf4 22.Rxf4 Bf6
23.Ref1 Kg7 24.fxg6 fxg6 25.Nd1 Qd7 26.Qf3 Qe7 27.c3 Be5 28.Rxf8 Rxf8 29.Qxf8+ Qxf8
30.Rxf8 Kxf8 31.Kg1 Ke7 32.Kf2 d5 33.exd5 Bxd5 34.Ne3 Kd6 35.g3 Bc6 36.Nc2 a5
37.Ke3 Kc5 38.b4+ axb4 39.axb4+ Kb6 40.Nd4 Bd6 41.Be4 Bd7 42.Bd5 h5 43.Bf7 Bf5
44.Be8 Be5 45.Nxb5 h4 46.gxh4 Bxh2 47.Nd4 Bg1+ 48.Kf3 Bd3 49.Ne2 Bh2 50.Nf4  1-0

[Event "Star Dojran"]
[Site "Star Dojran"]
[Date "1991.??.??"]
[Round "9"]
[White "Gicev, Blagoja"]
[Black "Rajkovic, Dusan"]
[Result "0-1"]
[WhiteElo "2315"]
[BlackElo "2495"]

1.e4 c5 2.Nf3 e6 3.d4 cxd4 4.Nxd4 Nc6 5.Nc3 Qc7 6.f4 a6 7.Nf3 b5 8.Bd3 Bc5
9.Qe2 d6 10.Bd2 Bd7 11.e5 dxe5 12.fxe5 Nd4 13.Nxd4 Bxd4 14.O-O-O Qxe5 15.Qf3 Rc8
16.Rhe1 Bc6 17.Be4 Qc5 18.Qd3 Qc4 19.Qg3 Bxe4 20.Rxe4 Nf6 21.Rxd4 Qxd4 22.Be3 Qg4
23.Qd6 Qc4 24.Qxa6 O-O 25.Qxb5 Qc7 26.Bd4 Qxh2 27.Qg5 h6 28.Qe3 Ng4 29.Qf3 Qh5
30.Ne4 f5 31.Nd6 Ra8 32.Kb1 Qg5 33.Qb3 Qe7 34.Nc4 Rab8 35.Qd3 e5 36.Bc3 Qe6
37.Qf1 Rfc8  0-1

[Event "Tatran Cup"]
[Site "Stary Smokovec"]
[Date "1991.??.??"]
[Round "7"]
[White "Gazik, Igor"]
[Black "Jansa, Vlastimil"]
[Result "1/2-1/2"]
[WhiteElo "2455"]
[BlackElo "2485"]

1.e4 c5 2.Nf3 Nc6 3.d4 cxd4 4.Nxd4 e6 5.Nc3 Qc7 6.Nxc6 bxc6 7.Bd3 Nf6 8.O-O Be7
9.f4 d5 10.Kh1 Rb8 11.b3 dxe4 12.Nxe4 Nxe4 13.Bxe4 Bf6 14.Ba3 c5 15.Rb1 g6
16.Qe2 O-O 17.Qc4 Bd4 18.c3 Qa5 19.cxd4 Qxa3 20.dxc5 Ba6 21.Qc1 Qxa2 22.Ra1 Qe2
23.Re1 Qb5 24.c6 Bc8 25.Rxa7 Qxb3 26.Ra1 Rb4 27.Ra3 Qb2 28.Qxb2 Rxb2 29.Ra8 Kg7
30.g3 h5 31.Kg1 Kf6 32.Rd1 Rb4 33.Bf3 Ke7 34.Ra7+ Kf6 35.Ra8 Ke7 36.Ra7+ Kf6
37.Kf2 Rb2+ 38.Ke3 Rxh2 39.Rb1 e5 40.fxe5+ Kxe5 41.Rb8 Kd6 42.Raa8 Re8+ 43.Kf4 Kc7
44.Rb7+ Bxb7 45.Rxe8 Bxc6 46.Re7+ Kd6 47.Rxf7 Ke6 48.Rc7 g5+ 49.Ke3 Bxf3
50.Kxf3 Rd2 51.Rh7 Rd3+ 52.Ke4 Rxg3 53.Rxh5 Rg4+ 54.Kf3 Kf5 55.Rh8 Ra4 56.Rf8+ Kg6
57.Kg3  1/2-1/2

[Event "Stavanger op"]
[Site "Stavanger"]
[Date "1991.??.??"]
[Round "2"]
[White "Hector, Jonny"]
[Black "Gausel, Einar"]
[Result "1-0"]
[WhiteElo "2500"]
[BlackElo "2435"]

1.e4 c5 2.Nc3 e6 3.Nf3 Nc6 4.d4 cxd4 5.Nxd4 Qc7 6.f4 a6 7.Nxc6 Qxc6 8.Bd3 b5
9.Qe2 Bb7 10.Bd2 Bc5 11.a4 b4 12.Nd5 a5 13.f5 O-O-O 14.Bb5 Qd6 15.Bf4 e5
16.Bg5 f6 17.Be3 Bxd5 18.exd5 Kb7 19.O-O-O Ne7 20.Bxc5 Qxc5 21.d6 Nc6 22.Qe4 Ka7
23.Rd5 Qb6 24.Rhd1 Rhg8 25.Be2 g6 26.fxg6 hxg6 27.Rb5 Qf2 28.Qd5 Qe3+ 29.Rd2 Qg1+
30.Bd1 f5 31.Rxa5+ Kb7 32.Rb5+ Ka7 33.Rc5 Rb8 34.Rxc6 dxc6 35.Qa5+ Kb7 36.Qc7+ Ka8
37.Qxc6+ Rb7 38.Qd5 Rd8 39.Qa5+  1-0

[Event "Subotica Interzonal (Women)"]
[Site "Subotica"]
[Date "1991.??.??"]
[Round "1"]
[White "Veroci, Zsuzsa"]
[Black "Arakhamia, Ketevan"]
[Result "1/2-1/2"]
[WhiteElo "2320"]
[BlackElo "2440"]

1.e4 c5 2.Nf3 e6 3.d4 cxd4 4.Nxd4 Nc6 5.Nc3 d6 6.g3 Nf6 7.Bg2 Bd7 8.O-O Nxd4
9.Qxd4 Qc7 10.Bg5 Be7 11.Rad1 Bc6 12.Rfe1 O-O 13.h3  1/2-1/2

[Event "Subotica Interzonal (Women)"]
[Site "Subotica"]
[Date "1991.??.??"]
[Round "2"]
[White "Bojkovic, Natasa"]
[Black "Paasikangas, Johanna"]
[Result "1-0"]
[WhiteElo "2340"]
[BlackElo "2130"]

1.e4 c5 2.Nf3 e6 3.d4 cxd4 4.Nxd4 Nc6 5.Nc3 Nf6 6.Ndb5 Bb4 7.a3 Bxc3+ 8.Nxc3 d5
9.Bd3 d4 10.Ne2 e5 11.O-O O-O 12.h3 Nh5 13.Nxd4 Nf4 14.Nxc6 bxc6 15.Bxf4 exf4
16.Qf3 Qg5 17.Bc4 Rb8 18.b3 c5 19.Rad1 Bb7 20.Bd5 Bc8 21.Bc4 Bb7 22.Rd7 a5
23.Rfd1 Qe5 24.Bd5 Ba6 25.Rd6 Bb5 26.a4 Be8 27.Bc4 Rc8 28.R6d5 Qb2 29.Qxf4 Bc6
30.Rxc5 Kh8 31.Qd6  1-0

[Event "Subotica Interzonal (Women)"]
[Site "Subotica"]
[Date "1991.??.??"]
[Round "3"]
[White "Wang Pin"]
[Black "Arakhamia, Ketevan"]
[Result "1-0"]
[WhiteElo "2220"]
[BlackElo "2440"]

1.e4 c5 2.Nf3 e6 3.d4 cxd4 4.Nxd4 Nc6 5.Nc3 d6 6.Be2 Nf6 7.O-O Be7 8.Be3 a6
9.f4 Qc7 10.Qe1 O-O 11.Qg3 Nxd4 12.Bxd4 b5 13.a3 Bb7 14.Kh1 Bc6 15.Rae1 Qb7
16.Bd3 Rad8 17.Qh3 g6 18.f5 e5 19.Be3 Rfe8 20.Bg5 Nh5 21.f6 Bf8 22.Qh4 h6
23.Bc1 Re6 24.Nd5 Rde8 25.Bxh6 Bxh6 26.Be2 Nxf6 27.Nxf6+ Rxf6 28.Qxf6 Bxe4
29.Bf3 Bxf3 30.Rxf3 Qd7 31.Rd3 Re6 32.Qh4 Bg7 33.c4 f5 34.b3 e4 35.Rd5 Qc6
36.Qd8+ Kf7 37.Red1 Be5 38.Rxe5 Rxe5 39.Rxd6 Qc5 40.Qf6+ Kg8 41.Rd8+  1-0

[Event "Subotica Interzonal (Women)"]
[Site "Subotica"]
[Date "1991.??.??"]
[Round "13"]
[White "Maric, Mirjana"]
[Black "Paasikangas, Johanna"]
[Result "1/2-1/2"]
[WhiteElo "2250"]
[BlackElo "2130"]

1.e4 c5 2.Nf3 e6 3.d4 cxd4 4.Nxd4 Nc6 5.Nc3 Qc7 6.Be2 a6 7.O-O b5 8.a3 Bb7
9.Kh1 Nf6 10.f4 d6 11.Be3 Be7 12.Bf3 Na5 13.Qd3 Nc4 14.Bc1 Rc8 15.Nce2 Nd7
16.b3 Ncb6 17.Ng3 Nc5 18.Qe2 Bf6 19.Bb2 Ncd7 20.Nh5 e5 21.Nf5 g6 22.Nxf6+ Nxf6
23.Ne3 O-O 24.fxe5 dxe5 25.Bg4 Nbd7 26.Bxd7 Nxd7 27.Qg4 Nc5 28.Nd5 Bxd5 29.exd5 f5
30.Qe2 Ne4 31.Rac1 Rfe8 32.c4 bxc4 33.bxc4 Qc5 34.g4 Nd6 35.gxf5 Nxf5 36.Qe4 Qe3
37.Qxe3 Nxe3 38.Rf3 Nxc4 39.Rfc3 Rb8 40.Rxc4 Rxb2 41.Rd1 Rb7 42.Rc6 a5 43.Rc5 e4
44.Rxa5 e3 45.d6 e2 46.Re1 Rd7 47.Rd5 Re6 48.Kg2 Rdxd6 49.Rxd6 Rxd6 50.Rxe2 Ra6
51.Re3 Kf7 52.Kf3 Ra4 53.Rc3 Kf6 54.Re3 g5 55.Kg3 h5 56.h3 Kf5  1/2-1/2

[Event "SWE-ch"]
[Site "SWE"]
[Date "1991.??.??"]
[Round "9"]
[White "Svensson, Bengt"]
[Black "Lundin, Anders"]
[Result "0-1"]
[WhiteElo "2400"]
[BlackElo "2295"]

1.e4 c5 2.Nf3 e6 3.d4 cxd4 4.Nxd4 Nc6 5.Nc3 d6 6.Be3 Nf6 7.f4 Be7 8.Qf3 e5
9.Nxc6 bxc6 10.f5 Qa5 11.Bc4 Rb8 12.O-O-O O-O 13.Bb3 d5 14.exd5 Rxb3 15.cxb3 cxd5
16.Rxd5 Nxd5 17.Nxd5 Bd6 18.Rd1 Qxa2 19.Nf6+ Kh8 20.Rxd6 gxf6 21.Bh6 Rg8
22.Kc2 Qa5 23.Kb1 Rxg2 24.Rc6 Rg1+ 25.Rc1 Rg8 26.Rf1 Qb5 27.Rd1 Bb7 28.Qe3 Qb4
29.Re1 Rc8 30.h3 Bd5 31.Qg1 Be4+ 32.Rxe4 Qxe4+ 33.Ka2 Rg8 34.Qc5 Qxf5  0-1

[Event "SWE-ch"]
[Site "SWE"]
[Date "1991.??.??"]
[Round "13"]
[White "Degerman, Lars"]
[Black "Lundin, Anders"]
[Result "1-0"]
[WhiteElo "2405"]
[BlackElo "2295"]

1.e4 c5 2.Nf3 e6 3.d4 cxd4 4.Nxd4 Nc6 5.Nc3 d6 6.f4 Nf6 7.Be3 Be7 8.Qf3 e5
9.Nxc6 bxc6 10.f5 Rb8 11.O-O-O Qa5 12.Bc4 O-O 13.Bb3 Nd7 14.g4 Nc5 15.Kb1 Nxb3
16.axb3 Rd8 17.g5 Bb7 18.Qg3 d5 19.exd5 Bd6 20.Ne4 cxd5 21.Nxd6 Rxd6 22.Qxe5 Rbd8
23.Bd4 f6 24.gxf6  1-0

[Event "SWZ-chT"]
[Site "?"]
[Date "1991.??.??"]
[Round "?"]
[White "Mantovani, Renzo"]
[Black "Franzoni, Giancarlo"]
[Result "0-1"]
[WhiteElo "2370"]
[BlackElo "2445"]

1.e4 c5 2.Nf3 e6 3.d4 cxd4 4.Nxd4 Nc6 5.Nc3 Qc7 6.g3 a6 7.Bg2 Nf6 8.O-O h6
9.Re1 Nxd4 10.e5 Nb5 11.Nxb5 axb5 12.exf6 gxf6 13.Re4 d6 14.Rf4 Be7 15.Rh4 f5
16.Rxh6 Rxh6 17.Bxh6 Bf6 18.c3 Bd7 19.a3 Bc6 20.Qd2 Bxg2 21.Kxg2 Ra4 22.Rd1 d5
23.Bg5 Bxg5 24.Qxg5 Rg4 25.Qf6 Qc4 26.Qe5 Qe4+ 27.Qxe4 fxe4 28.Rd4 Kd7 29.Rb4 Kc6
30.f3 exf3+ 31.Kxf3 Rg7 32.g4 e5 33.h4 f6 34.a4 bxa4 35.Rxa4 Kc5 36.Ra8 Kc4
37.Rf8 Rg6 38.h5 Rh6 39.Rd8 b5 40.Rd6 b4 41.cxb4 d4 42.Rd8 Kd3 43.Re8 Rh7
44.b5 Rb7 45.h6 Rh7 46.b6 Rb7 47.b4 Rh7 48.b5 Rb7 49.Re6 Rf7 50.b7 Rxb7 51.Rxf6 e4+
52.Kf4 Re7 53.g5 e3 54.Ra6 e2 55.Ra3+ Kc4 56.Ra4+ Kc3 57.Ra1 Rf7+ 58.Ke5 Rf1
59.Rxf1 exf1=Q 60.h7 Qxb5+ 61.Kf6 Qc6+ 62.Kg7 Qd7+ 63.Kg8 Qe8+ 64.Kg7 Qe7+  0-1

[Event "Teheran op"]
[Site "Teheran"]
[Date "1991.??.??"]
[Round "4"]
[White "Mamouri, Mehde"]
[Black "Bobotsov, Milko G"]
[Result "1/2-1/2"]
[WhiteElo "2205"]
[BlackElo "2405"]

1.e4 c5 2.Nf3 Nc6 3.d4 cxd4 4.Nxd4 e6 5.Nc3 a6 6.Be2 Nge7 7.O-O b5 8.Re1 Nxd4
9.Qxd4 Nc6 10.Qd3 Be7 11.a4 b4 12.Nd1 a5 13.Qg3 O-O 14.e5 Kh8 15.Bd3 g6 16.Bh6 Rg8
17.Ne3 f5 18.Nc4 g5 19.h4 gxh4 20.Qf3 Bb7 21.Bf1 Rg6 22.Bf4 Rb8 23.Nd6 Bxd6
24.exd6 Qf6 25.Kh2 e5 26.Qxc6 Bxc6 27.Bxe5 Qxe5+ 28.Rxe5 Rxd6 29.Rxa5 Rd2
30.Rxf5 Rxc2 31.b3 Rc3 32.Bc4 d5 33.Bxd5 Bxd5 34.Rxd5 Rxb3 35.Rb5 Ra8 36.Rd1 Ra7
37.Rg5 Ra8 38.Rd7 Rg8 39.Rb5 h3 40.gxh3 Rf3 41.Rd2 b3 42.Rb7 Rgf8 43.Kg2 R8f7
44.Rb8+ Rf8 45.Rb6 R8f7 46.a5 R3f5 47.a6 Ra7 48.Rd4 Rg7+ 49.Rg4 Rxg4+ 50.hxg4 Ra5
51.Rxb3 Rxa6 52.Rb7 Ra5 53.f4 Ra3 54.Re7 Kg8 55.Kf2 h6 56.Re3 Ra2+ 57.Kf3 Kf7
58.f5 Ra6 59.Kg3 Rb6 60.Kh4 Rb1 61.Re6 Rh1+ 62.Kg3 Rg1+ 63.Kf4 Rf1+ 64.Ke5 Re1+
65.Kd6 Rd1+ 66.Kc7 Rd4 67.Rg6 Rf4 68.Kd6 h5 69.Ke5 Rxg4 70.Ra6 Rb4 71.Ra7+ Kf8
72.Kf6 Rb6+ 73.Kg5 Rc6 74.Kxh5 Rb6 75.Kg5 Rc6 76.Rh7 Rb6  1/2-1/2

[Event "Torcy op"]
[Site "Torcy"]
[Date "1991.??.??"]
[Round "?"]
[White "Apicella, Manuel"]
[Black "Sokolov, Andrei"]
[Result "0-1"]
[WhiteElo "2430"]
[BlackElo "2550"]

1.e4 c5 2.Nf3 e6 3.d4 cxd4 4.Nxd4 Nc6 5.Nc3 d6 6.Be2 Nf6 7.f4 Be7 8.Be3 O-O
9.O-O a6 10.Bf3 Qc7 11.a4 Re8 12.Kh1 Rb8 13.Qe1 Nd7 14.Rd1 b6 15.Qg3 Nxd4
16.Bxd4 Bf8 17.f5 Ne5 18.Bh5 b5 19.axb5 axb5 20.Ra1 b4 21.Ra7 Rb7 22.Rxb7 Qxb7
23.fxe6 Bxe6 24.Nd5 Bxd5 25.exd5 g6 26.Bxe5 dxe5 27.Rd1 Bd6 28.Be2 Qe7 29.c3 e4
30.Qe3 bxc3 31.bxc3 h5 32.g3 Rb8 33.Ra1 Bc5 34.Qh6 Qe5 35.Qf4 Qxf4 36.gxf4 Rb2
37.Ba6 Bd6 38.Rf1 f5 39.Bc8 Rc2 40.Bd7 Kf7 41.Rb1 Rxc3 42.Rb6 Bxf4 43.Re6 h4
44.Be8+ Kf8 45.Kg2 h3+ 46.Kf1 Bxh2 47.Bxg6 Bg3 48.Rc6 Re3  0-1

[Event "Torcy op"]
[Site "Torcy"]
[Date "1991.??.??"]
[Round "?"]
[White "Lanka, Zigurds"]
[Black "Pira, Davoud"]
[Result "1-0"]
[WhiteElo "2510"]
[BlackElo "2345"]

1.e4 c5 2.Nf3 e6 3.d4 cxd4 4.Nxd4 Nc6 5.Nc3 Qc7 6.Be2 a6 7.Be3 Nf6 8.a3 b5
9.Nxc6 dxc6 10.O-O Bb7 11.f4 Be7 12.e5 Nd5 13.Nxd5 cxd5 14.Bd4 g6 15.c3 O-O
16.b4 Rac8 17.Bd3 f6 18.Qg4 f5 19.Qe2 Qd7 20.g4 Rf7 21.h3 Rc4 22.Kh2 Bf8
23.gxf5 gxf5 24.Rg1+ Rg7 25.Rxg7+ Bxg7 26.Rg1 Qf7 27.a4 Kh8 28.axb5 axb5
29.Qg2 Rc7 30.Bxb5 Bh6 31.Qg3 Rc8 32.Qh4 Bg7 33.Be2 Ra8 34.Bh5 Qf8 35.Rg2 Ba6
36.Bc5 Qg8  1-0

[Event "Valby K41"]
[Site "Valby"]
[Date "1991.??.??"]
[Round "5"]
[White "Hector, Jonny"]
[Black "Cramling, Pia"]
[Result "0-1"]
[WhiteElo "2500"]
[BlackElo "2485"]

1.e4 c5 2.Nf3 e6 3.d4 cxd4 4.Nxd4 Nc6 5.Nc3 Qc7 6.f4 Nxd4 7.Qxd4 a6 8.Be3 b5
9.Be2 Bb7 10.O-O-O Rc8 11.Rd2 Nf6 12.Bf3 Be7 13.Rhd1 O-O 14.e5 b4 15.exf6 bxc3
16.Qxc3 Qxc3 17.fxe7 Qxe3 18.exf8=Q+ Kxf8 19.Bxb7 Rb8 20.Bf3 Qxf4 21.Kb1 d5
22.Rd4 Qxh2 23.c4 dxc4 24.Rxc4 g5 25.Rd7 Rb5 26.a4 Rf5 27.Bg4 Rf2 28.Bf3 Qe5
29.Rb7 h5 30.Bxh5 Qf5+ 31.Ka2 Qd5 32.Rc7 Qxg2  0-1

[Event "Valby K41"]
[Site "Valby"]
[Date "1991.??.??"]
[Round "6"]
[White "Vogt, Lothar"]
[Black "Cramling, Pia"]
[Result "1/2-1/2"]
[WhiteElo "2510"]
[BlackElo "2485"]

1.e4 c5 2.Nf3 e6 3.d4 cxd4 4.Nxd4 Nc6 5.Nc3 Qc7 6.g3 a6 7.Bg2 d6 8.O-O Be7
9.Re1 Bd7 10.Nxc6 Bxc6 11.a4 Nf6 12.Be3 O-O 13.a5 Nd7 14.Na4 Rae8 15.Nb6 f5
16.Nxd7 Qxd7 17.Qd3 fxe4 18.Bxe4 Bxe4 19.Qxe4 d5 20.Qa4 Qxa4 21.Rxa4 Rc8
22.c3 Rc6 23.Bb6 Re8 24.f4 Kf7 25.Kf2 Rec8 26.Ke3 Rc4 27.Rxc4 Rxc4 28.Kd3 Bf6
29.Rc1 Ra4 30.Rc2 Ra2 31.b4 Rxc2 32.Kxc2 g6 33.Kd3 e5 34.fxe5 Bxe5 35.Bd4  1/2-1/2

[Event "Vrnjacka Banja"]
[Site "Vrnjacka Banja"]
[Date "1991.??.??"]
[Round "14"]
[White "Matulovic, Milan"]
[Black "Tosic, Miroslav"]
[Result "1-0"]
[WhiteElo "2470"]
[BlackElo "2455"]

1.e4 c5 2.Nf3 e6 3.d4 cxd4 4.Nxd4 Nc6 5.Nc3 d6 6.g3 Nf6 7.Bg2 Bd7 8.O-O Be7
9.Ndb5 Qb8 10.Bg5 a6 11.Bxf6 gxf6 12.Nd4 h5 13.h3 Bd8 14.Nce2 Bb6 15.c3 Ke7
16.Qd2 Qc7 17.Rad1 Rag8 18.Kh1 Ba7 19.Nf4 Ke8 20.Nxc6 Bxc6 21.h4 Bb8 22.Rfe1 Kf8
23.c4 a5 24.Qc3 e5 25.Nd5 Bxd5 26.Rxd5 Ba7 27.Rd2 Bc5 28.a3 Qb6 29.Qf3 Ke7
30.Rb1 a4 31.Bh3 Ra8 32.Rd3 Qc6 33.Qe2 Ra6 34.Bg2 Rb6 35.Bf3 Bd4 36.Rd2 Rb3
37.Kg2 Kf8 38.Rc1 b6 39.Rcc2 Rh6 40.Rd3 Rxd3 41.Qxd3 Ke7 42.Qe2 Rh8 43.Kh2 Rc8
44.Bxh5 b5 45.Bg4 Rc7 46.h5 bxc4 47.h6 Rb7 48.h7 Rb8 49.Rxc4 Bc5 50.Qc2 Rh8
51.Bf5 Qb5 52.Kg2 Kf8 53.Rxa4 Kg7 54.Rc4 Qb7 55.b4 Bb6 56.Qd1 Rd8 57.Qg4+ Kh8
58.Rc8 Qxc8 59.Bxc8  1-0

[Event "Warsaw Legion op"]
[Site "Warsaw"]
[Date "1991.??.??"]
[Round "1"]
[White "Kiersz, Ludwik"]
[Black "Bogdanovich, Grigory"]
[Result "0-1"]
[WhiteElo "2235"]
[BlackElo "2355"]

1.e4 c5 2.Nf3 e6 3.d4 cxd4 4.Nxd4 Nc6 5.Nc3 a6 6.Be2 Qc7 7.a3 Nf6 8.Be3 Be7
9.O-O O-O 10.Kh1 d6 11.f4 Bd7 12.Qe1 Rac8 13.Qf2 b5 14.Nb3 Rb8 15.Rfd1 Rfe8
16.e5 dxe5 17.fxe5 Nxe5 18.Qg3 Nd5 19.Bd4 f6 20.Ne4 Bc8 21.Rac1 Nc6 22.Qxc7 Nxc7
23.Bc5 e5 24.Nd6 Rd8 25.Bf3 e4 26.Bxe4 Bg4 27.Rd2 Ne6 28.Bxc6 Nxc5 29.Nxc5 Rxd6
30.Rxd6 Bxd6 31.Nxa6 Rc8 32.Bd5+ Kf8 33.c4 bxc4 34.Rxc4 Re8 35.Rc1 Bf4 36.Rf1 Be5
37.Nb4 Bxb2 38.a4 Be2 39.Rb1 Bc3 40.Na2 Bd3 41.Rd1 Bc2 42.Rf1 Bd2 43.Bc6 Rc8
44.Rf2 Rd8 45.Rf1 Bb3 46.Nc1 Bxc1 47.Rxc1  0-1